Wolverhampton Wanderers: The Premier League Years - Statistics

General Stats
  • This quiz has been taken 80 times
    13 since last reset
  • The average score is 20 of 36
Answer Stats
Answer % Correct
Conor Coady
91%
José Sá
91%
Nuno Espírito Santo
91%
Pedro Neto
91%
Raúl Jiménez
82%
Gary O'Neil
73%
Matheus Cunha
73%
Rúben Neves
73%
João Gomes
64%
João Moutinho
64%
Mick McCarthy
64%
Roger Johnson
64%
Steven Fletcher
64%
Vítor Pereira
64%
Adama Traoré
55%
Daniel Podence
55%
Dave Jones
55%
Hee-chan Hwang
55%
Julen Lopetegui
55%
Leander Dendoncker
55%
Mario Lemina
55%
Nélson Semedo
55%
Rayan Aït-Nouri
55%
Bruno Lage
45%
Jody Craddock
45%
Kevin Doyle
45%
Matt Jarvis
45%
Max Kilman
45%
Paul Ince
45%
Henri Camara
36%
Karl Henry
36%
Stephen Ward
36%
Terry Connor
36%
Wayne Hennessey
27%
Alex Rae
9%
Lee Naylor
9%
No matching quizzes found
Score Distribution
Percent of People with Each Score
Percentile by Number Answered
Your Score History
You have not taken this quiz since the last reset